Internet research methods : (Record no. 5145)

MARC details
000 -LEADER
fixed length control field 00683nam a22002052 4500
001 - CONTROL NUMBER
control field 0000001233
005 - DATE AND TIME OF LATEST TRANSACTION
control field 20151217151809.0
008 - FIXED-LENGTH DATA ELEMENTS--GENERAL INFORMATION
fixed length control field 070228s xx 000 0 eng d
040 ## - CATALOGING SOURCE
Original cataloging agency KABU
Transcribing agency KABU
050 #0 - LIBRARY OF CONGRESS CALL NUMBER
Classification number H61.95
Item number .I58
245 10 - TITLE STATEMENT
Title Internet research methods :
Remainder of title a practical guide for the social and behavioural sciences /
Statement of responsibility, etc. Claire Hweson ... [et al.]
260 ## - PUBLICATION, DISTRIBUTION, ETC. (IMPRINT)
Place of publication, distribution, etc. London :
Name of publisher, distributor, etc. Sage,
Date of publication, distribution, etc. 2003.
300 ## - PHYSICAL DESCRIPTION
Extent ix, 155 p.
650 #0 - SUBJECT ADDED ENTRY--TOPICAL TERM
Topical term or geographic name as entry element Social sciences
General subdivision Computer network resources.
-- 0000159762
700 1# - ADDED ENTRY--PERSONAL NAME
Personal name Hewson, Claire.
-- 0000159763
908 ## - PUT COMMAND PARAMETER (RLIN)
Put command parameter 070228
950 ## - LOCAL HOLDINGS (RLIN)
-- 1
Holdings
Withdrawn status Lost status Source of classification or shelving scheme Not for loan Home library Current library Date acquired Total Checkouts Full call number Barcode Date last seen Price effective from Koha item type
    Library of Congress Classification   Kabarak, Main Campus Kabarak, Main Campus 17/12/2015   H61.95 .I58 c. 1 000547 02/08/2024 17/12/2015 General Collection
    Library of Congress Classification   Kabarak, Main Campus Kabarak, Main Campus 17/12/2015   H61.95 .I58 c. 2 003263 02/08/2024 17/12/2015 General Collection
Designed with assistance from East African Informatics Ltd